000 00570nam a22002057a 4500
003 OSt
005 20140310181742.0
008 130219t xxu||||| |||| 00| 0 eng d
050 _aBJ1012
_b.G911 2000
082 _aF 170
_bG93 2000
245 _aEthics:
_bbasic concepts and contemporary moral issues
_cGualdo, Rosendo S.
260 _aValenzuela City:
_bM. M. Mutya Pub. House,
_c2000
300 _a184p.;
_c25 cm.
521 _acollege students
526 _c1210L-1700L
541 _j1
541 _j2
562 _e2
942 _2lcc
_cBK-FIL
_kFIL
999 _c2842
_d2842